000 00663nam a2200289Ia 4500
005 20260324133709.0
008 008 260324s9999 xx 000 0 eng d
020 _a9780203361023
037 _aEBOOK
040 _aCRL
040 _beng
040 _cCRL
041 _2eng
041 _aeng
084 _qCRL
100 _aAndrea Witcomb
_91194045
245 0 _aRe-Imagining the Museum
245 0 _bBeyond the Mausoleum
260 _bTaylor and Francis
260 _c2003
365 _a
365 _b230
856 _uhttp://www.taylorfrancis.com/books/9780203361023
942 _cEBOOK
999 _c1793376
_d1793376